[Event "Madrid San Viator op-B 31st"]
[Site "Madrid"]
[Date "2019.09.29"]
[Round "3"]
[White "Jimenez Perez, Federico"]
[Black "Castro Uceda, Jose Antonio"]
[Result "0-1"]
[WhiteElo "1291"]
[BlackElo "1518"]
[PlyCount "136"]
[EventDate "2019.09.08"]
[EventType "swiss"]
[EventRounds "9"]
[EventCountry "ESP"]
[SourceTitle "EXT 2022"]
[Source "ChessBase"]
[SourceDate "2021.10.06"]
[SourceVersion "1"]
[SourceVersionDate "2021.10.06"]
[SourceQuality "1"]

1. e4 c5 2. Nf3 g6 3. c3 d5 4. Bb5+ Bd7 5. Bxd7+ Qxd7 6. exd5 Qxd5 7. 0-0 Bg7 8. Qa4+ Nc6 9. b4 cxb4 10. Bb2 Qc4 11. a3 Nf6 12. Ne5 Qe6 13. d4 bxc3 14. Nxc3 0-0 15. Nb5 Nd5 16. Nxc6 bxc6 17. Rfe1 cxb5 18. Qxb5 Qd6 19. a4 Rab8 20. Qe2 Qc6 21. Rec1 Qb7 22. Rab1 Nf4 23. Qg4 Nd3 24. Rc2 Qa6 25. Qe2 Nb4 26. Rc4 Nd5 27. Rbc1 Nb6 28. R4c2 Qxe2 29. Rxe2 Nd5 30. g3 Rfe8 31. h4 Rb4 32. a5 e6 33. Ra1 Bxd4 34. Bxd4 Rxd4 35. Rc2 Rb8 36. Rc6 Rd2 37. Rac1 Rb5 38. Ra6 Rb7 39. Rd6 Ra2 40. g4 Rxa5 41. Rc8+ Kg7 42. g5 Ne7 43. Re8 Rd5 44. Ra6 Rd4 45. Ra8 Rxh4 46. f3 Nd5 47. Rd6 Rf4 48. Kf2 Rf5 49. Rdd8 Rxg5 50. Rg8+ Kf6 51. Rgb8 Rxb8 52. Rxb8 Kg7 53. Rb5 h5 54. f4 Rf5 55. Ra5 Rxf4+ 56. Kg3 h4+ 57. Kh3 g5 58. Rxa7 Kg6 59. Ra1 f5 60. Ra2 Rf3+ 61. Kg2 g4 62. Kh2 f4 63. Rg2 Kg5 64. Re2 Ne3 65. Re1 Rf2+ 66. Kg1 g3 67. Kh1 Kg4 68. Rg1 Rh2# 0-1

[Event "Madrid San Viator op-B 30th"]
[Site "Madrid"]
[Date "2018.06.03"]
[Round "8"]
[White "Jimenez Perez, Federico"]
[Black "Garcia Varea, Benjamin"]
[Result "0-1"]
[WhiteElo "1377"]
[BlackElo "1661"]
[PlyCount "90"]
[EventDate "2018.04.08"]
[EventType "swiss"]
[EventRounds "9"]
[EventCountry "ESP"]
[SourceTitle "EXT 2019"]
[Source "ChessBase"]
[SourceDate "2018.10.10"]
[SourceVersion "1"]
[SourceVersionDate "2018.10.10"]
[SourceQuality "1"]

1. e4 Nf6 2. e5 Nd5 3. d4 d6 4. c4 Nb6 5. Nf3 Bg4 6. h3 Bh5 7. Be2 Nc6 8. Bf4 h6 9. b3 dxe5 10. Nxe5 Bxe2 11. Qxe2 Qxd4 12. Nxc6 Qxa1 13. 0-0 Qf6 14. Nxe7 Bxe7 15. Bxc7 0-0 16. Be5 Qe6 17. Qb2 Bf6 18. Re1 Bxe5 19. Rxe5 Qf6 20. Qe2 Rad8 21. Nc3 a6 22. g3 Rd3 23. Nd5 Nxd5 24. cxd5 Qf3 25. d6 Rd1+ 26. Qf1 Rxf1+ 27. Kxf1 Qd1+ 28. Re1 Qxd6 29. a4 Qd5 30. Kg1 Qxb3 31. a5 Rd8 32. Kh2 Rd2 33. Kg2 Qd5+ 34. Kg1 Qf3 35. Rf1 g5 36. g4 Qxh3 37. Re1 Qxg4+ 38. Kh1 Rd1 39. Rxd1 Qxd1+ 40. Kg2 f5 41. f3 Qe2+ 42. Kg3 h5 43. f4 Qg4+ 44. Kh2 h4 45. fxg5 h3 0-1

[Event "Madrid San Viator op-B 30th"]
[Site "Madrid"]
[Date "2018.05.27"]
[Round "7"]
[White "Moreno Gallardo, Sergio"]
[Black "Jimenez Perez, Federico"]
[Result "1-0"]
[WhiteElo "1181"]
[BlackElo "1377"]
[PlyCount "41"]
[EventDate "2018.04.08"]
[EventType "swiss"]
[EventRounds "9"]
[EventCountry "ESP"]
[SourceTitle "EXT 2019"]
[Source "ChessBase"]
[SourceDate "2018.10.10"]
[SourceVersion "1"]
[SourceVersionDate "2018.10.10"]
[SourceQuality "1"]

1. e4 c5 2. Nf3 g6 3. c3 Bg7 4. d4 cxd4 5. cxd4 Nc6 6. Nc3 e5 7. dxe5 Nxe5 8. Bf4 Nxf3+ 9. Qxf3 Nf6 10. Bd6 Bf8 11. e5 Nh5 12. Bc4 f6 13. 0-0 a6 14. Qd5 Qb6 15. Qf7+ Kd8 16. Bxf8 Qc6 17. exf6 Nf4 18. Nd5 Nxd5 19. Bxd5 Qb5 20. Rac1 Qe2 21. Be7+ 1-0

[Event "Madrid San Viator op-B 30th"]
[Site "Madrid"]
[Date "2018.04.15"]
[Round "2"]
[White "Rossique Delmas, Antonio"]
[Black "Jimenez Perez, Federico"]
[Result "1-0"]
[WhiteElo "1543"]
[BlackElo "1377"]
[PlyCount "125"]
[EventDate "2018.04.08"]
[EventType "swiss"]
[EventRounds "9"]
[EventCountry "ESP"]
[SourceTitle "EXT 2019"]
[Source "ChessBase"]
[SourceDate "2018.10.10"]
[SourceVersion "1"]
[SourceVersionDate "2018.10.10"]
[SourceQuality "1"]

1. d4 Nf6 2. Bf4 d6 3. e3 g6 4. Be2 Bg7 5. c3 0-0 6. Nd2 Re8 7. Ngf3 a5 8. h3 b6 9. 0-0 Ba6 10. c4 e5 11. dxe5 dxe5 12. Nxe5 Nbd7 13. Nxd7 Nxd7 14. Rb1 Nc5 15. Nf3 Qxd1 16. Rfxd1 Na4 17. Rd2 Rad8 18. Rxd8 Rxd8 19. b3 Nc3 20. Rb2 Nxe2+ 21. Rxe2 Rd7 22. Rd2 Rxd2 23. Nxd2 c6 24. Bc7 b5 25. Bxa5 bxc4 26. Nxc4 f5 27. Kf1 Kf7 28. Ke2 h6 29. Kd3 Ke6 30. Bc3 Bxc3 31. Kxc3 Kd5 32. Nd2 c5 33. b4 c4 34. a4 g5 35. b5 Bb7 36. Nxc4 Kc5 37. f3 h5 38. Ne5 Kd5 39. Nd3 Kd6 40. Kd4 g4 41. hxg4 hxg4 42. fxg4 fxg4 43. g3 Bf3 44. e4 Bd1 45. a5 Kc7 46. Kc5 Be2 47. Nf2 Kb7 48. e5 Bf3 49. e6 Kc7 50. Nd3 Kd8 51. Nf4 Ke7 52. b6 Bb7 53. Kb5 Kd6 54. a6 Bc6+ 55. Ka5 Ba8 56. b7 Bxb7 57. axb7 Kc7 58. e7 Kb8 59. e8Q+ Kxb7 60. Qd7+ Ka8 61. Kb6 Kb8 62. Qc7+ Ka8 63. Qb7# 1-0

[Event "Madrid San Viator op-B 29th"]
[Site "Madrid"]
[Date "2017.10.22"]
[Round "5"]
[White "Jimenez Perez, Federico"]
[Black "Cujba, Anca Claudia"]
[Result "0-1"]
[WhiteElo "1381"]
[BlackElo "1664"]
[PlyCount "86"]
[EventDate "2017.09.17"]
[EventType "swiss"]
[EventRounds "9"]
[EventCountry "ESP"]
[SourceTitle "EXT 2019"]
[Source "ChessBase"]
[SourceDate "2018.10.10"]
[SourceVersion "1"]
[SourceVersionDate "2018.10.10"]
[SourceQuality "1"]

1. e4 d5 2. e5 c5 3. d4 cxd4 4. Qxd4 Nc6 5. Bb5 Bf5 6. Bxc6+ bxc6 7. Qa4 Qc7 8. Nf3 e6 9. 0-0 Bc5 10. Be3 Bxe3 11. fxe3 Ne7 12. Nd4 0-0 13. Nf3 Qb6 14. Qb3 Qc7 15. Nbd2 c5 16. c4 Rab8 17. Qc3 h6 18. Rae1 Rfd8 19. b3 a5 20. e4 d4 21. Qd3 Bh7 22. Rf2 Nc6 23. Ref1 Rb7 24. a3 Nxe5 25. Nxe5 Qxe5 26. Re2 Qd6 27. Qh3 Qc6 28. Qh4 Rdb8 29. Rf3 a4 30. Rg3 Kh8 31. e5 axb3 32. Rf2 b2 33. Qg4 b1Q+ 34. Nxb1 Rxb1+ 35. Rf1 Rxf1+ 36. Kxf1 Bg6 37. Rf3 d3 38. Qf4 Qd7 39. Qd2 Qd4 40. Re3 Qf4+ 41. Qf2 Qxh2 42. Qd2 Rb1+ 43. Kf2 Qf4+ 0-1

[Event "Madrid San Viator op-B 25th"]
[Site "Madrid"]
[Date "2015.11.15"]
[Round "8"]
[White "Ingunza Curro, Alvaro"]
[Black "Jimenez Perez, Federico"]
[Result "0-1"]
[WhiteElo "1101"]
[BlackElo "1371"]
[PlyCount "58"]
[EventDate "2015.10.04"]
[EventType "swiss"]
[EventRounds "9"]
[EventCountry "ESP"]
[SourceTitle "EXT 2019"]
[Source "ChessBase"]
[SourceDate "2018.10.10"]
[SourceVersion "1"]
[SourceVersionDate "2018.10.10"]
[SourceQuality "1"]

1. d4 d6 2. Nf3 Nf6 3. Bf4 Nbd7 4. e3 c5 5. dxc5 Nxc5 6. Be2 Nce4 7. h3 Qb6 8. Qc1 e5 9. Bh2 Be7 10. 0-0 0-0 11. Rd1 Bd7 12. Nc3 Nxc3 13. bxc3 Qc5 14. Qb2 Rab8 15. Qb3 a6 16. c4 b5 17. cxb5 Bxb5 18. Bxb5 Rxb5 19. Qa4 Ra8 20. Rdb1 Qc3 21. Kf1 Ne4 22. Rxb5 Qxa1+ 23. Ne1 Nc3 24. Qa5 Nxb5 25. Ke2 Qc3 26. Kd1 Qxa5 27. Kc1 Qxa2 28. Kd2 Qd5+ 29. Nd3 e4 0-1

[Event "Madrid San Viator op 23rd"]
[Site "Madrid"]
[Date "2014.10.26"]
[Round "5"]
[White "Diaz del Prado, Carlos"]
[Black "Jimenez Perez, Federico"]
[Result "1-0"]
[WhiteElo "1288"]
[BlackElo "1334"]
[PlyCount "77"]
[EventDate "2014.09.28"]
[EventType "swiss"]
[EventRounds "9"]
[EventCountry "ESP"]
[SourceTitle "EXT 2016"]
[Source "ChessBase"]
[SourceDate "2015.10.08"]
[SourceVersion "1"]
[SourceVersionDate "2015.10.08"]
[SourceQuality "1"]

1. e4 c5 2. Nc3 g6 3. g3 Nf6 4. Bg2 Bg7 5. d3 0-0 6. f4 d6 7. h3 Nh5 8. Nce2 f5 9. Nf3 fxe4 10. dxe4 e5 11. c3 Bh6 12. fxe5 Bxc1 13. Rxc1 dxe5 14. Qxd8 Rxd8 15. Nxe5 Re8 16. Nd3 Nc6 17. Nxc5 Ne5 18. Rd1 b6 19. Nd3 Bb7 20. 0-0 Rad8 21. Ndf4 Nc4 22. Rxd8 Rxd8 23. Nxh5 gxh5 24. b3 Ne3 25. Rf4 Rd1+ 26. Kf2 Nxg2 27. Kxg2 Rd2 28. Kf1 Rxa2 29. e5 Ra1+ 30. Kf2 Rh1 31. h4 Rh2+ 32. Ke3 Bc8 33. Nd4 Rh1 34. Ke4 Re1+ 35. Kd5 Re3 36. e6 Bb7+ 37. Kd6 Rxc3 38. e7 Rc8 39. Kd7 1-0

[Event "Madrid San Viator op 23rd"]
[Site "Madrid"]
[Date "2014.09.28"]
[Round "1"]
[White "Jimenez Perez, Federico"]
[Black "Enriquez Pastor, Jorge"]
[Result "1-0"]
[WhiteElo "1334"]
[BlackElo "1445"]
[PlyCount "43"]
[EventDate "2014.09.28"]
[EventType "swiss"]
[EventRounds "9"]
[EventCountry "ESP"]
[SourceTitle "EXT 2016"]
[Source "ChessBase"]
[SourceDate "2015.10.08"]
[SourceVersion "1"]
[SourceVersionDate "2015.10.08"]
[SourceQuality "1"]

1. e4 c6 2. d4 d5 3. Nc3 dxe4 4. Nxe4 Bf5 5. Ng3 Bg6 6. Nf3 h6 7. Ne5 Bh7 8. Bc4 e6 9. 0-0 Nf6 10. Re1 Bd6 11. Qf3 0-0 12. Bd3 Bxd3 13. cxd3 Bb4 14. Re3 Qxd4 15. Nh5 Nbd7 16. Nxd7 Nxd7 17. Re4 Qc5 18. Nxg7 Qe7 19. Qg3 Kh8 20. Rh4 f5 21. Rxh6+ Kg8 22. Nxf5+ 1-0

[Event "San Sebastian de los Reyes op 15th"]
[Site "San Sebastian"]
[Date "2013.12.08"]
[Round "9"]
[White "Sirera Ripoll, Jose Luis"]
[Black "Jimenez Perez, Federico"]
[Result "1-0"]
[WhiteElo "1753"]
[BlackElo "1289"]
[PlyCount "55"]
[EventDate "2013.11.30"]
[EventType "swiss"]
[EventRounds "9"]
[EventCountry "ESP"]
[SourceTitle "CBM 157 Extra"]
[Source "ChessBase"]
[SourceDate "2013.12.19"]
[SourceVersion "1"]
[SourceVersionDate "2013.12.19"]
[SourceQuality "1"]

1. e4 c5 2. Nf3 d6 3. d4 cxd4 4. Nxd4 Nf6 5. Nc3 a6 6. Bg5 e5 7. Nb3 Be7 8. Bd3 0-0 9. f4 exf4 10. Bxf4 Qb6 11. Qd2 Bd7 12. h3 Nc6 13. 0-0-0 Qd8 14. g4 h6 15. g5 Nh5 16. Be3 Bxg5 17. Rdg1 f6 18. h4 Ne5 19. hxg5 Nf3 20. Qe2 fxg5 21. Rxh5 Nxg1 22. Bxg1 g4 23. Nd4 Qb6 24. Nd5 Qd8 25. Nf5 Bxf5 26. exf5 Qa5 27. Ne7+ Kh7 28. f6+ 1-0

[Event "San Sebastian de los Reyes op 15th"]
[Site "San Sebastian"]
[Date "2013.12.06"]
[Round "7"]
[White "Jimenez Perez, Federico"]
[Black "Brasa Olmos, Joaquin"]
[Result "1-0"]
[WhiteElo "1289"]
[BlackElo "1551"]
[PlyCount "69"]
[EventDate "2013.11.30"]
[EventType "swiss"]
[EventRounds "9"]
[EventCountry "ESP"]
[SourceTitle "CBM 157 Extra"]
[Source "ChessBase"]
[SourceDate "2013.12.19"]
[SourceVersion "1"]
[SourceVersionDate "2013.12.19"]
[SourceQuality "1"]

1. e4 d6 2. d4 Nd7 3. Bc4 Ngf6 4. Nc3 g6 5. Nf3 Bg7 6. Bxf7+ Kxf7 7. Ng5+ Kg8 8. Ne6 Qe8 9. Nxc7 Qd8 10. Nxa8 b6 11. 0-0 Ba6 12. Re1 Qxa8 13. e5 dxe5 14. dxe5 Nxe5 15. Rxe5 Kf7 16. Nd5 Rd8 17. Qf3 e6 18. Nc7 Qxf3 19. gxf3 Rd1+ 20. Kg2 Bf1+ 21. Kg3 Nh5+ 22. Rxh5 gxh5 23. f4 Be2 24. f3 Bd4 25. f5 Be5+ 26. Kf2 Bc4 27. fxe6+ Ke7 28. Bg5+ Bf6 29. Bxf6+ Kxf6 30. Rxd1 a6 31. Rd7 h6 32. e7 Bf7 33. e8Q Bxe8 34. Nxe8+ Ke6 35. Rh7 1-0